000 00283nam a22001337a 4500
008 170224b xxu||||| |||| 00| 0 eng d
020 _aX000G96RGR
041 _aeng
080 _a617
100 _a5
101 _aSHS
245 _aSURGERY CLERKSHIP
_cKAUFMAN.M.S
942 _2udc
_cBK
999 _c6196
_d6196